000 00597cab a2200193 4500
001 WB3106-23
008 090401t1995 xxu||||| |||| 00| 0 eng d
035 _a(Sirsi) u71212
041 _aeng
245 _aDeveloping the national forest
260 _c1995
350 _a0
490 _aFinancial Times
_v8 February 1995, 10(1)
520 _aThe large-scale sale of land by British Coal will provide a financial challenge to the National Forest Company`s plans to buy land to create a national forest.
650 _aNATIONAL FOREST
690 _aLAND
942 _n0
948 _c04/03/1997
999 _c44863
_d44863